000 00580nai a2200169Ia 4500
003 IN-BaIIA
008 211028c9999 xx s 000 0 eng d
022 _a1007-5704 (Online)
040 _cIIA Library
245 0 _aCommunications in Nonlinear Science and Numerical Simulation
_h[eJournal]
260 _aNew York
_bElsevier
310 _aMonthly
362 _a1(1); 1996 - Present
521 _bSubscribed through National Knowledge Resource Consortium (NKRC)
856 _uhttps://www.sciencedirect.com/science/journal/10075704
_yClick Here to Access eJournal
942 _cEJ
999 _c34215
_d34215